[Event "DSOL 02 Liga Final 1st"]
[Site "Playchess.com INT"]
[Date "2020.09.11"]
[Round "3.1"]
[White "Paul, Anatolij"]
[Black "Skibbe, Willi"]
[Result "1/2-1/2"]
[WhiteElo "2061"]
[BlackElo "2155"]
[PlyCount "58"]
[EventDate "2020.06.22"]
[EventType "team-k.o. (rapid)"]
[EventCountry "GER"]
[SourceTitle "EXT 2021"]
[Source "ChessBase"]
[SourceDate "2020.10.23"]
[SourceVersion "1"]
[SourceVersionDate "2020.10.23"]
[SourceQuality "1"]
[WhiteTeam "Grosshansdorf"]
[BlackTeam "Breitenworbis"]
[WhiteTeamCountry "GER"]
[BlackTeamCountry "GER"]

1. d4 d5 2. c4 e6 3. g3 Nf6 4. Bg2 Be7 5. Nf3 0-0 6. 0-0 dxc4 7. Qc2 a6 8. a4 Bd7 9. Qxc4 Bc6 10. Bf4 Bd6 11. Qc1 Nbd7 12. Nc3 Qe7 13. Rd1 Nd5 14. Bd2 f5 15. Qc2 N5f6 16. a5 Rae8 17. Rac1 Ne4 18. Be1 Nxc3 19. bxc3 Be4 20. Qb3 f4 21. Nd2 Bd5 22. c4 Bxg2 23. Kxg2 c5 24. Qxb7 cxd4 25. Ne4 Nc5 26. Qc6 Nxe4 27. Qxe4 Bc5 28. Rb1 fxg3 29. hxg3 Rf7 1/2-1/2

[Event "DSOL 02 Liga Final 1st"]
[Site "Playchess.com INT"]
[Date "2020.08.27"]
[Round "1.1"]
[White "Paul, Anatolij"]
[Black "Altenhof, Martin"]
[Result "1-0"]
[WhiteElo "2061"]
[BlackElo "2166"]
[PlyCount "87"]
[EventDate "2020.06.22"]
[EventType "team-k.o. (rapid)"]
[EventCountry "GER"]
[SourceTitle "EXT 2021"]
[Source "ChessBase"]
[SourceDate "2020.10.23"]
[SourceVersion "1"]
[SourceVersionDate "2020.10.23"]
[SourceQuality "1"]
[WhiteTeam "Grosshansdorf"]
[BlackTeam "Pfullingen"]
[WhiteTeamCountry "GER"]
[BlackTeamCountry "GER"]

1. d4 g6 2. c4 Bg7 3. Nc3 Nf6 4. g3 d6 5. Bg2 0-0 6. Nf3 Nbd7 7. 0-0 e5 8. e4 c6 9. h3 Qc7 10. Re1 a6 11. Be3 b6 12. d5 cxd5 13. cxd5 Bb7 14. Rc1 Rac8 15. a4 Qb8 16. Nd2 a5 17. Bf1 Nc5 18. Bb5 Rcd8 19. Qc2 Bc8 20. Kh2 Nfd7 21. Nc4 f5 22. exf5 gxf5 23. Bg5 Nf6 24. Ne3 e4 25. Ne2 Bd7 26. Nf4 Bxb5 27. axb5 Qc8 28. Qe2 Qd7 29. Rxc5 dxc5 30. Ne6 Rde8 31. Nxf8 Rxf8 32. Rd1 Ne8 33. Bf4 Bd4 34. Nc2 Qxd5 35. Be3 Ng7 36. Nxd4 cxd4 37. Rxd4 Qe5 38. Qc4+ Kh8 39. Rd5 Qxb2 40. Bd4 Qb4 41. Qc7 Rg8 42. Rd8 Qxd4 43. Rxd4 Ne6 44. Qe5+ 1-0

[Event "Hamburg-chT Landesliga 1819"]
[Site "Hamburg"]
[Date "2019.02.03"]
[Round "6.4"]
[White "Paul, Anatolij"]
[Black "Bigalke, Andre"]
[Result "1/2-1/2"]
[WhiteElo "2086"]
[BlackElo "2035"]
[PlyCount "140"]
[EventDate "2018.10.21"]
[EventType "team-tourn"]
[EventRounds "9"]
[EventCountry "GER"]
[SourceTitle "EXT 2020"]
[Source "ChessBase"]
[SourceDate "2019.10.17"]
[SourceVersion "1"]
[SourceVersionDate "2019.10.17"]
[SourceQuality "1"]
[WhiteTeam "Grosshansdorf"]
[BlackTeam "Barmbek"]
[WhiteTeamCountry "GER"]
[BlackTeamCountry "GER"]

1. d4 Nf6 2. Nf3 g6 3. Nbd2 d5 4. e3 Bg7 5. Bd3 0-0 6. 0-0 Nfd7 7. e4 dxe4 8. Nxe4 Nf6 9. Bg5 Nbd7 10. Re1 Nxe4 11. Bxe4 Nf6 12. Bxf6 exf6 13. c3 c6 14. Qb3 Qc7 15. Rad1 f5 16. Bd3 Be6 17. Rxe6 fxe6 18. Ng5 Rf6 19. Bc4 Kh8 20. Nxe6 Qe7 21. Ng5 h6 22. Nf3 b5 23. Bf1 Rd6 24. Re1 Qd7 25. a4 a6 26. h4 Re8 27. Ra1 Bf6 28. Qc2 Qe7 29. axb5 axb5 30. h5 Qg7 31. Rd1 Rg8 32. Re1 gxh5 33. Qxf5 Qg4 34. Qe4 Qxe4 35. Rxe4 Ra8 36. Ne1 Ra1 37. g3 Rb1 38. Nd3 Kg7 39. Kg2 h4 40. gxh4 Bxh4 41. Ne5 Bf6 42. Nd3 Bd8 43. Be2 Rg6+ 44. Kf3 Bg5 45. Re8 Rf6+ 46. Kg2 Bc1 47. Bh5 Bxb2 48. Re7+ Kg8 49. Ne5 Re1 50. Re8+ Rf8 51. Re6 Bxc3 52. Rg6+ Kh7 53. Ng4 Bxd4 54. Rxh6+ Kg8 55. Rg6+ Bg7 56. Rxc6 Rb8 57. Rc7 b4 58. Ne3 Rb5 59. Bf7+ Kh7 60. Bc4 Rg5+ 61. Kf3 Kh6 62. Bd3 b3 63. Nf5+ Rxf5+ 64. Bxf5 Bd4 65. Rb7 b2 66. Kg4 Rg1+ 67. Kf4 Bg7 68. Rb3 Bf6 69. Rb7 Rg7 70. Rxg7 Bxg7 1/2-1/2